00262 a2200109 4500001000700000020000600007040001100013100004400024240004000068245003500108362000900143170270 a  cMagnum aColegio Magnum Agostiniano - 2ยช Series10aProjeto cientifico de espanhollpor10aProjeto cientifico de espanhol0 a1899